| 000 | 00404nam a2200109Ia 4500 | ||
|---|---|---|---|
| 008 | 171204s9999 xx 000 0 und d | ||
| 245 | _aPrivate Governance: Creating Order In Economic And Social Life: | ||
| 245 | _cEdward Peter Stringham | ||
| 260 | _c2015 | ||
| 650 | _xASSURANCE PRINCIPLES, PROFESSIONAL ETHICS AND GOOD GOVERNANCE | ||
| 856 | _uhttp://down.ebook777.com/022/PriGovCreOrdInEcoAndSocLif.pdf | ||
| 999 |
_c345645 _d345645 |
||